00619nam a2200205Ia 4500003000400000005001700004008004100021020001800062040001800080041000800098082002000106100002100126245007700147250001200224260005000236300003000286650003800316650003100354650002800385OSt20230717102418.0210716s2012 xx 000 0 und d a9780198076384 cAIMIT LIBRARY aeng a338.9 21bSRIT aSrinivasan, T N. aGrowth sustainability and India's economic reforms /cBy T N Srinivasan. a1st ed. aNew Delhi :bOxford University Press ,c2012. axix,152p. ;bPBc21.2 cm. aIntrinsic and instrumental values aExternal eventsand reforms aGlobal financial crisis